00779nam 22002053 4500001000700000090001100007100004100018200003900059210003700098215003300135225003300168300011600201606002900317675002500346700004200371801001800413830002900431990001100460995010200471202087 a202087 a20231024d u||y0pory50 ba aAlegria brevefVergílio Ferreira aLisboacPortugália dimp. 1965 a277, [3] p.cbrochadod20 cm aObras de Vergílio Ferreira aContém dedicatória na folha de guarda e anotações do Prof. Dr. Almeida Faria ao longo do livro Romance  aLiteratura Portuguesa96 a821.134.3-3vPTzpor 91045aFerreirabVergíliof1916-1996 aPTbBMMNgRPC cAna FalardofAna Falardo cLIVROS 002052026-05-08931783bBMMNf31503k821.134.3-3 FER|SAFo0rLIVROSuAcesso CondicionadosOferta